| 000 | 00399nam a2200133Ia 4500 | ||
|---|---|---|---|
| 008 | 170419s9999 xx 000 0 und d | ||
| 100 | _aJeffries, Pamela R. | ||
| 245 | 4 | _aThe evolving health care system: the need for nursing education reform | |
| 245 | _cPamela R. Jeffries | ||
| 260 | _bElsevier | ||
| 260 | _c2015 | ||
| 300 | _aDecember 2015 | ||
| 440 |
_aJournal of Profesional Nursing _v31:6 |
||
| 999 |
_c329488 _d329488 |
||